000 00450nam a2200169Ia 4500
003 LK-CoDNM
005 20240730103122.0
008 010623t1882 xxu||||| |||| 00| 1 eng d
040 _aLK-CoDNM
_dLK-CoDNM
_eLK-CoDNM
041 _aeng
080 _a14
_bY23
100 _aTagore,Rajah Comm.
245 _aHindu Music from Various Authors
260 _bI.C.Bose and Company
_aCalcutta
_c1882
300 _bix, 423p. : ill ; 260nd 21 cm
942 _cBK
999 _c82371
_d82371